[Event "Charlesbourg Le Khalif"]
[Site "Charlesbourg"]
[Date "2004.03.08"]
[Round "5"]
[White "Sauve, Richard"]
[Black "Theriault, Jean Louis"]
[Result "1-0"]
[WhiteElo "1992"]
[BlackElo "1533"]
[PlyCount "65"]
[EventDate "2004.02.09"]
[EventType "swiss"]
[EventRounds "5"]
[EventCountry "CAN"]
[SourceTitle "EXT 2005"]
[Source "ChessBase"]
[SourceDate "2004.11.15"]
[SourceVersion "1"]
[SourceVersionDate "2004.11.15"]
[SourceQuality "1"]

1. d4 Nf6 2. c4 e6 3. Nc3 d5 4. Bg5 Be7 5. e3 a6 6. Nf3 0-0 7. Bd3 dxc4 8. Bxc4 b5 9. Bd3 Bb7 10. 0-0 Nbd7 11. Rc1 c5 12. Bxf6 Bxf6 13. Ne4 Be7 14. Nxc5 Bxc5 15. dxc5 Bxf3 16. gxf3 Qg5+ 17. Kh1 Nxc5 18. Bxh7+ Kxh7 19. Qc2+ g6 20. Qxc5 Qf6 21. f4 Qxb2 22. Rc2 Qf6 23. Rd1 Rac8 24. Qxc8 Rxc8 25. Rxc8 Qb2 26. Rd7 Kh6 27. Rxf7 Kh5 28. Kg2 g5 29. Rg8 Kh6 30. fxg5+ Kh5 31. g6 Qxa2 32. g7 Kg6 33. Rd8 1-0

[Event "Charlesbourg Le Khalif"]
[Site "Charlesbourg"]
[Date "2004.02.09"]
[Round "1"]
[White "Theriault, Jean Louis"]
[Black "Plante, Rejean"]
[Result "0-1"]
[WhiteElo "1533"]
[BlackElo "2183"]
[PlyCount "54"]
[EventDate "2004.02.09"]
[EventType "swiss"]
[EventRounds "5"]
[EventCountry "CAN"]
[SourceTitle "EXT 2005"]
[Source "ChessBase"]
[SourceDate "2004.11.15"]
[SourceVersion "1"]
[SourceVersionDate "2004.11.15"]
[SourceQuality "1"]

1. e4 c5 2. Nf3 Nc6 3. d4 cxd4 4. Nxd4 Qb6 5. c3 Nf6 6. Qd3 g6 7. Nd2 a6 8. Nc4 Qc7 9. Be2 b5 10. Ne3 Ne5 11. Qc2 Bb7 12. f3 Bg7 13. 0-0 0-0 14. Bd2 Rac8 15. Rac1 Qb6 16. Kh1 Rfd8 17. Qb3 d5 18. exd5 Nxd5 19. Nec2 Nc4 20. Bxc4 Rxc4 21. Ne2 e5 22. Ng3 h5 23. Rce1 Nf4 24. Bxf4 Rxf4 25. Ne3 h4 26. Ne4 Bxe4 27. fxe4 Qxe3 0-1